Compléter le titre de la musique - Statistiques

Statistiques générales
  • Ce quiz a été pris 192 fois
    109 depuis la dernière actualisation
  • Le résultat moyen est 25 sur 33
Statistiques - réponses
Hint Réponse % Correct
Emmenez moi
96%
J'ai demandé à la lune
95%
L'envie d'aimer
94%
Le paradis blanc
91%
Mon fils ma bataille
90%
Les copains d'abord
89%
Confidence pour confidence
87%
La vie en rose
87%
Ave Maria
87%
Petite Marie
87%
Je ne suis pas un héros
85%
Douce France
84%
Eve lève-toi
82%
Jardin d'hiver
77%
L'été indien
77%
Mademoiselle chante le blues
77%
Requiem pour un fou
77%
Un autre monde
75%
Je sais que c'est toi
73%
Une vie d'amour
73%
Jeune demoiselle
73%
Morgane de toi
72%
Je suis malade
72%
Le chanteur malheureux
67%
Le monde est stone
66%
Beau malheur
62%
Le coeur grenadine
61%
Tout s'en va
61%
Mais je t'aime
58%
Coup d'avance
54%
Pas toi
54%
Juste un bisou
52%
Amour toujours
51%
Aucun quiz correspondant
Distribution des résultats
% des personnes avec chaque résultat
Percentile par nombre de réponses
Votre historique - résultats
Vous n’avez pas pris ce quiz depuis la dernière actualisation